|
|
|
|
| LEADER |
00000nab#a22000007a#4500 |
| 001 |
arbauad022479 |
| 003 |
AR-BaUAD |
| 005 |
20250711111922.0 |
| 008 |
961014|||||||||###||||||b###|0###a|spa|| |
| 040 |
|
|
|a AR-BaUAD
|c AR-BaUAD
|b spa
|
| 100 |
|
|
|a Rams, Dieter
|
| 245 |
|
|
|a Cosa si acquista /
|c Dieter Rams;
|
| 300 |
0 |
|
|b fot.
|
| 653 |
|
|
|a HISTORIA
|
| 653 |
|
|
|a BRAUN
|
| 653 |
|
|
|a ARTEFACTOS
|
| 653 |
|
|
|a ELECTRODOMESTICOS
|
| 653 |
|
|
|a AFEITADORAS
|
| 653 |
|
|
|a LICUADORAS
|
| 653 |
|
|
|a CAFETERAS
|
| 653 |
|
|
|a BATIDORAS
|
| 653 |
|
|
|a MULTIPROCESADORAS
|
| 653 |
|
|
|a DISEÑO INDUSTRIAL
|
| 773 |
0 |
|
|t OTTAGONO
|g no. 114 [mar.-mayo 1996], p. 52-55
|
| 942 |
|
|
|c ARTI
|
| 952 |
|
|
|0 0
|1 0
|4 0
|7 0
|9 67398
|a AR-BAuAD
|b AR-BAuAD
|d 2025-07-11
|l 0
|p AAQA022479
|r 2025-07-11 11:19:22
|w 2025-07-11
|y ARTI
|
| 990 |
|
|
|a DI199
|b TD
|
| 998 |
|
|
|a AAQ
|b BIBUN76
|
| 999 |
|
|
|c 47071
|d 47071
|